Missing Word: TV BA - BZ Quiz Stats

 Plays Quiz Updated May 28, 2018

Challenge
Share
Tweet
Embed
Score 0/24 Timer 04:00
1 Play Today
TV Show Answer % Correct
The Big Bang ___ (T)Theory
97.5%
Brooklyn Nine-___ (N)Nine
95.5%
Birds of a ___ (F)Feather
94.8%
Boy Meets ___ (W)World
93.2%
The Beverly ___ (H)Hillbillies
92.5%
Bates ___ (M)Motel
91.9%
Buck Rogers in the 25th ___ (C)Century
91.8%
Battlestar ___ (G)Galactica
91%
Bob the ___ (B)Builder
90.3%
Boston ___ (L)Legal
90.2%
Barefoot in the ___ (P)Park
86.6%
Barnaby ___ (J)Jones
85.3%
TV Show Answer % Correct
Boardwalk ___ (E)Empire
85.1%
The Bronx ___ (Z)Zoo
84.8%
Better with ___ (Y)You
84.4%
Better Call ___ (S)Saul
83.8%
Braxton Family ___ (V)Values
78.8%
Blow ___ (O)Out
68.4%
Bring 'Em Back ___ (A)Alive
61.8%
Baby Beauty ___ (Q)Queens
61.7%
Black-___ (I)Ish
49.4%
Batman: Gotham ___ (K)Knights
45%
Baby ___ (D)Daddy
40.6%
Becoming ___ (U)Us
24.1%

Today's Daily Dose

Word Ladder
Bruno Mars Song

Get the Picture
Japanese Cars

You're not logged in!

Compare scores with friends on all Sporcle quizzes.
OR
Log In

You Might Also Like...

Show Comments

Extras

Top Quizzes Today


Score Distribution

Your Account Isn't Verified!

In order to create a playlist on Sporcle, you need to verify the email address you used during registration. Go to your Sporcle Settings to finish the process.

Report this User

Report this user for behavior that violates our Community Guidelines.

Details: